000
00340nam a22001457a 4500
008
230717b ||||| |||| 00| 0 eng d
020
_a
9780534406912
041
_a
eng
080
_2
SECOND EDITION
_a
575
082
_a
575CRA
100
_a
13
101
_a
BIOKIM
245
_a
INTRODUCTORY CHEMISTRY
_c
CRACOLICE PETERS
942
_2
udc
_c
BK
999
_c
60145
_d
60145